[Event "GER-chT U12"]
[Site "Verden"]
[Date "2005.12.27"]
[Round "2.4"]
[White "Dietrich, Christoph"]
[Black "Nolte, Christina"]
[Result "1-0"]
[WhiteElo "1085"]
[BlackElo "1172"]
[PlyCount "87"]
[EventDate "2005.12.27"]
[EventType "team-swiss"]
[EventRounds "7"]
[EventCountry "GER"]
[SourceTitle "CBM 110 Extra"]
[Source "ChessBase"]
[SourceDate "2006.03.10"]
[SourceVersion "2"]
[SourceVersionDate "2006.03.10"]
[SourceQuality "1"]

1. e4 e5 2. Nf3 Nc6 3. d4 d6 4. Bc4 Nf6 5. Nc3 Bg4 6. 0-0 Be7 7. dxe5 Bxf3 8. Qxf3 dxe5 9. Nd5 Nxd5 10. Bxd5 0-0 11. Rd1 Qc8 12. Qg3 g6 13. Bh6 Rd8 14. Qf3 Kh8 15. Qxf7 Rg8 16. Bxc6 Bf8 17. Rd7 Qxd7 18. Bxd7 Bxh6 19. Be6 Rad8 20. Qxc7 Rgf8 21. Qc3 Bg7 22. g3 Rfe8 23. Bd5 b6 24. Qc7 a5 25. Qxb6 a4 26. Qa5 Rb8 27. Qxa4 Rf8 28. b4 Rf6 29. Rf1 Rfb6 30. a3 h6 31. c4 Kh7 32. c5 Rf6 33. c6 Rff8 34. Rc1 h5 35. c7 Rbe8 36. b5 Rf6 37. c8Q Rxc8 38. Rxc8 Kh6 39. h4 Kh7 40. Qa8 Rb6 41. a4 Rd6 42. Rc7 Kh6 43. Qg8 g5 44. Qxg7# 1-0

[Event "OWL-ch U14 Girls"]
[Site "Hiddenhausen"]
[Date "2005.01.03"]
[Round "2"]
[White "Himpenmacher, Anja"]
[Black "Nolte, Christina"]
[Result "0-1"]
[WhiteElo "771"]
[BlackElo "864"]
[PlyCount "112"]
[EventDate "2005.01.02"]
[EventType "tourn"]
[EventRounds "5"]
[EventCountry "GER"]
[SourceTitle "EXT 2007"]
[Source "ChessBase"]
[SourceDate "2006.11.23"]
[SourceVersion "1"]
[SourceVersionDate "2006.11.23"]
[SourceQuality "1"]

1. e4 e5 2. Nf3 Nc6 3. Bb5 d6 4. 0-0 Bd7 5. Nc3 a6 6. Ba4 Nf6 7. d3 Be7 8. Be3 0-0 9. Qd2 h6 10. Nd5 Nxd5 11. exd5 Na7 12. Bxd7 Qxd7 13. c3 Qb5 14. c4 Qd7 15. d4 exd4 16. Nxd4 c5 17. Ne2 Bf6 18. Ng3 Qa4 19. Rfc1 b5 20. cxb5 Nxb5 21. Qc2 Qb4 22. Rab1 Qa5 23. Ne4 Be5 24. Bd2 Qxa2 25. Nc3 Nxc3 26. Bxc3 Qxd5 27. Bxe5 Qxe5 28. Qc3 Qxc3 29. bxc3 a5 30. Ra1 a4 31. Ra3 d5 32. c4 dxc4 33. Rxc4 Rfc8 34. Kf1 Kf8 35. Ke2 Ke7 36. Kd3 Kd6 37. f3 f5 38. h3 g5 39. g4 fxg4 40. fxg4 Ke5 41. Raxa4 Rxa4 42. Rxa4 Kd5 43. Ra6 c4+ 44. Kc3 Rh8 45. Ra5+ Ke4 46. Kxc4 Kf4 47. Ra3 h5 48. gxh5 Rxh5 49. Rd3 Rh4 50. Rd4+ Kg3 51. Rg4+ Rxg4+ 52. hxg4 Kxg4 53. Kd5 Kf3 54. Ke5 g4 55. Kf5 g3 56. Kg5 g2 0-1